La sistematización participatica para descubrir los sentidos y aprender de nuestras experiencias /
Wedi'i Gadw mewn:
| Prif Awdur: | |
|---|---|
| Fformat: | Texto |
| Tagiau: |
Ychwanegu Tag
Dim Tagiau, Byddwch y cyntaf i dagio'r cofnod hwn!
|
MARC
| LEADER | 00000 a a2200000 04500 | ||
|---|---|---|---|
| 001 | 9070 | ||
| 003 | |||
| 040 | |||
| 100 | |a Bickel, Ana | ||
| 245 | |a La sistematización participatica para descubrir los sentidos y aprender de nuestras experiencias / |c Ana Bickel | ||
| 773 | |g número 23; páginas 17-28 | ||
| 999 | |c 36990 |d 36990 | ||
